000 00682cam a22002414a 4500
008
020 _a0521833450 (pbk. )
049 _aMAIN
090 _aTA1675
_bSIL
100 1 _aSilfvast, William T.
245 1 0 _aLaser fundamentals /
_cWilliam T. Silfvast.
250 _a2nd ed.
260 _aCambridge :
_bCambridge University Press,
_c2004.
300 _axxiv, 642 p. :
_bill. ;
_c26 cm.
504 _aIncludes bibliographical references.
500 _aIncludes index.
650 0 _aLasers.
907 _a.b10205342
_b12-04-12
_c12-06-06
003
005 20230123134220.0
040 _cNUST
942 _cBOOKS
_kTA1675
_mSIL
999 _c162038
_d162038